000 00447nam a2200169Ia 4500
003 LK-CoDNM
008 010623t xxu||||| |||| 00| 1 sin d
040 _aLK-CoDNM
_dLK-CoDNM
_eLK-CoDNM
041 _asin
080 _a891.3 [1]
100 _aRev.Saranapala, Kalugala
245 _aපාළි භාෂාව හා රචනාය
246 _aPali bhashawa ha rachanaya
300 _b98, 18.5 cm
650 _aPali Language
942 _cBK
999 _c139252
_d139252